Matematické modely v plánovací praxi

Cílem publikace je přispět ke zrychlení, zkvalitnění a zefektivnění přípravy, zavádění i vlastního uplatnění jednotlivých matematických metod v řízení. Autor uvádí charakteristiky nejčastěji používaných matematických metod, popis a rozbor metodických přístupů v plánovací činnosti a podává analýzu ko...

Full description

Saved in:
Bibliographic Details
Main Author Petříček, Zdeněk (Author)
Format Book
LanguageCzech
Published Praha : Svoboda, 1977
Edition1. vyd.
SeriesRacionalizace práce vedoucího
Subjects
Physical Description240 : il. ; 20 cm

Cover

LEADER 00000cam a22000001 4500
001 47920
003 CZ-ZlUTB
005 20190826001201.0
008 970715s1977 xr 0|0 0 cze
035 |a (OCoLC)4191646 
040 |a ABA001  |b cze  |c HKA001  |d ABA001  |d ZLD002 
072 7 |a 33  |x Ekonomie  |2 Konspekt  |9 4 
080 |a 519.673  |2 MRF 
080 |a 519.876.5  |2 MRF 
080 |a 519.852  |2 MRF 
080 |a 330.4  |2 MRF 
080 |a 005.51  |2 MRF 
100 1 |a Petříček, Zdeněk  |7 jk01092879  |4 aut 
245 1 0 |a Matematické modely v plánovací praxi /  |c Zdeněk Petříček 
250 |a 1. vyd. 
260 |a Praha :  |b Svoboda,  |c 1977  |f (Rudé právo) 
300 |a 240 :  |b il. ;  |c 20 cm 
490 1 |a Racionalizace práce vedoucího 
504 |a Přehl. lit. 
500 |a Pozn. 
500 |a S obr. a tb. v textu 
500 |a Obálka: Jan Solpera 
500 |a 3600 výt. 
520 |a Cílem publikace je přispět ke zrychlení, zkvalitnění a zefektivnění přípravy, zavádění i vlastního uplatnění jednotlivých matematických metod v řízení. Autor uvádí charakteristiky nejčastěji používaných matematických metod, popis a rozbor metodických přístupů v plánovací činnosti a podává analýzu konkrétních aplikací modelů v trustu Československé automobilové závody. 
610 2 7 |a Československé automobilové závody  |7 ko2006325560  |2 czenas 
650 0 7 |a matematické modelování  |7 ph115240  |2 czenas 
650 0 7 |a modelování a simulace  |7 ph125543  |2 czenas 
650 0 4 |a lineární progamování 
650 0 7 |a regresní analýza  |7 ph125086  |2 czenas 
650 0 7 |a simulační modely  |7 ph125544  |2 czenas 
650 0 7 |a plánování  |7 ph382380  |2 czenas 
650 0 7 |a produktivita práce  |7 ph124623  |2 czenas 
650 0 7 |a náklady  |7 ph115498  |2 czenas 
830 0 |a Racionalizace práce vedoucího 
910 |a ZLD002 
952 |0 0  |1 0  |4 0  |6 3304PETŘÍČEKZ  |7 0  |8 BOOK  |9 88537  |a UTBZL  |b UTBZL  |c 030  |d 2008-10-29  |l 1  |o 330.4/PETŘÍČEK,Z.  |p 420010119930  |r 2019-08-26 00:00:00  |v 16.00  |w 2019-08-26  |x N:převod - TOMA; | 20100831  |y 05 
992 |a BK  |b SK  |d 1 
999 |c 47920  |d 47920